LEADER 01175nam a2200265 4500 001 000000344792 003 CaOOAMICUS 005 20210311144710.0 008 210311s1952 fr f 000 u fre r 040 $aSeMil$bita 100 1 $aBarthas, Casimir.$0(OLS)http://semarc/name/57626 240 10$aFátima merveille du 20. siécle.$0(OLS)http://semarc/title/431894 245 10$aFátima merveille du 20. siècle /$cd'après les témoins et les documents par M. le Chanoine C. Barthas. 250 $aNouvelle édition, entièrement refondue et mise au point (Tirage de Novembre 1953 - 260. mille) 264 1$aToulouse :$bFatima Éditions,$c1952. 300 $a257 p.,$b8 p. di tav. ;$c19 cm 541 $aFondo mons. Pasquale Macchi 650 4$aMadonna - Apparizioni - Fatima.$0(OLS)http://semarc/subject/900 850 $aSeMil 852 $aSeMil$W1$xVenegono$y1$m2L II 408$j225398$B235848$CSeMilBibl$Z2$F235848 $81 941 1 $a8 961 $aFondo mons. Pasquale Macchi 996 $6245$aFátima merveille du 20. siècle$9(OLS)http://semarc/title/433889 996 $6264$aToulouse :$bFatima Éditions$9(OLS)http://semarc/publisher/59615 LEADER 00809nam a2200205 i 4500 001 000000205616 003 CaOOAMICUS 005 20110826000000.0 008 110826s1966 it u000 u ita u 013 $a184354 040 $aSeMil$bita 100 1 $aBonanno, Carmelo.$0(OLS)http://semarc/name/74003 245 12$aL'età contemporanea nella critica storica /$cCarmelo Bonanno. 260 $aPadova :$bLiviana,$c1966. 300 $aXIII, 420 p. ;$c24 cm. 650 4$aStoriografia - Età contemporanea.$0(OLS)http://semarc/subject/38666 850 $aSeMil 852 $aSeMil$W1$xVenegono$y1$m3V III 177$j156110$B156110$CSeMilBibl$Z2$F167466 $81 996 $6245$aL'età contemporanea nella critica storica$9(OLS)http://semarc/title/297574 996 $6260$aPadova :$bLiviana$9(OLS)http://semarc/publisher/30718